|
|
|
|
| LEADER |
01469nam a2200361 u 4500 |
| 001 |
10027370 |
| 003 |
upatras |
| 005 |
20210117210007.0 |
| 008 |
990823s1996 uk eng |
| 020 |
|
|
|a 047195697X
|
| 040 |
|
|
|a GR-PaULI
|c GR-PaULI
|
| 041 |
0 |
|
|a eng
|
| 082 |
0 |
4 |
|a 572.860 28
|
| 245 |
1 |
0 |
|a PCR
|b essential techniques
|c edited by J. F. Burke
|
| 260 |
|
|
|a Chichester
|a New York
|b John Wiley & Sons
|c 1996
|
| 300 |
|
|
|a xiii, 153 p.
|b fig.
|c 22 cm.
|
| 490 |
0 |
|
|a Essential techniques series
|
| 500 |
|
|
|a "Published in association with BIOS Scientific Publishers Limited."
|
| 504 |
|
|
|a Includes bibliographical references and index
|
| 650 |
|
4 |
|a DNA
|9 6189
|
| 650 |
|
4 |
|a Βιολογία
|x Νουκλεϊνικά οξέα
|9 36399
|
| 650 |
|
4 |
|a Γενετική
|x Τεχνολογία
|9 46758
|
| 650 |
|
4 |
|a Βιολογία
|x Πολυμεράσες
|9 108321
|
| 650 |
|
4 |
|a Βιοτεχνολογία
|9 3022
|
| 700 |
1 |
|
|a Burke, Julian
|9 120414
|
| 760 |
0 |
|
|a Essential techniques series
|
| 852 |
|
|
|a GR-PaULI
|b ΠΑΤΡΑ
|t 1
|
| 852 |
|
|
|a GR-PaULI
|b ΠΑΤΡΑ
|b ΒΚΠ
|b ΒΣ1
|k ΑΣΧΞ
|h 572.860 28 BUR
|m 049459
|p 025000063364
|t 1
|
| 942 |
|
|
|2 ddc
|
| 952 |
|
|
|0 0
|1 0
|4 0
|7 0
|9 197904
|d 2016-04-24
|l 0
|r 2016-04-24 00:00:00
|t 1
|w 2016-04-24
|
| 952 |
|
|
|0 0
|1 0
|4 0
|6 572_860000000000000_28_BUR
|7 0
|9 197905
|a LISP
|b LISP
|c BSC
|d 2016-04-24
|i 049459
|l 0
|o 572.860 28 BUR
|p 025000063364
|r 2016-04-24 00:00:00
|t 1
|w 2016-04-24
|y BK15
|
| 998 |
|
|
|c ΟΡΦΑΝΟΥ
|d 2010-04
|
| 999 |
|
|
|c 121557
|d 121557
|